000 00660nam a2200241Ia 4500
005 20260430150532.0
008 008 250103s9999 xx 000 0 eng d
037 _aTheses
040 _aCRL
040 _beng
040 _ceng
041 _2eng
041 _aeng
084 _qCRL
100 _aVipin Chandra Lal Au.; Sharma Vishwa Raj Gu.
_91237783
245 0 _aAssessment of Kutch Region as an Emerging Geopark and Geotourism in Gujarat
260 _c2024
300 _a215p.
650 _aGeography
700 _aUniversity of Delhi. Faculty of Social Sciences. Deptt. of Geography
_91237405
942 _cTH
999 _c1850017
_d1850017